La atención a los enfermos terminales: una investigación multidiciplinar (Registro nro. 4880)
[ vista simple ]
| 000 -Cabecera | |
|---|---|
| Campo de control de longitud fija | 00808aam a2200253 4500 |
| 005 - Fecha y hora de la última transacción | |
| Campo de control | 20231006094455.0 |
| 008 - Elementos de longitud fija--Información general | |
| Campo de control de longitud fija | 150421b2000 xxu||||| |||| 00| 0 spa d |
| 020 ## - International Standard Book Number | |
| Número Internacional Estándar del Libro (ISBN) | 8484420760 |
| 041 ## - Idioma | |
| Código de idioma | Español |
| 082 ## - Clasificación Decimal Dewey | |
| Número de clasificación | 305.908.14 D968a |
| 100 ## - Entrada principal--Autor personal | |
| Nombre personal | Diez Ripolles, José Luis |
| 9 (RLIN) | 34389 |
| 245 ## - Título propiamente dicho | |
| Título | La atención a los enfermos terminales: una investigación multidiciplinar |
| 260 ## - Pie de imprenta | |
| Lugar de publicación, distribución, etc. | España |
| Nombre del editor, distribuidor, etc. | Tirant lo blanch |
| Fecha de publicación, distribución, etc. | 2000 |
| 300 ## - Descripción física | |
| Extensión | 254 páginas |
| 650 ## - Materia general | |
| Temática (materia general) | ENFERMOS |
| 650 ## - Materia general | |
| Temática (materia general) | ENFERMOS TERMINALES |
| 650 ## - Materia general | |
| Temática (materia general) | DIAGNÓSTICO |
| 650 ## - Materia general | |
| Temática (materia general) | CONSENTIMIENTO DE LA FAMILIA |
| 650 ## - Materia general | |
| Temática (materia general) | CREENCIAS ÉTICAS Y RELIGROSAS |
| 650 ## - Materia general | |
| Temática (materia general) | ATENCIÓN SANITARIA |
| 650 ## - Materia general | |
| Temática (materia general) | ATENCIÓN DEL ENFERMO TERMINAL |
| 650 ## - Materia general | |
| Temática (materia general) | MIEDO A LA MUERTE |
| 942 ## - Punto de acceso adicional KOHA | |
| Tipo de ítem KOHA | Libro |
| Fuente del sistema de clasificación o colocación | Dewey Decimal Classification |
| Signatura completa | Código de barras | Tipo de ítem |
|---|---|---|
| 305.908.14 D968a | 1263 | Libro |